00488nam a2200145 4500008004100000100002200041245008900063260005500152300004500207504004100252650002200293003000100315005001700316040000900333 1 aPrussin, Labelle.10aArchitecture in Northern Ghana :ba study of forms and functions /cLabelle Prussin. aBerkeley :bUniversity of California Press,c1969. axi, 120 p. :bill., maps. ;c16 x 24 cm. aIncludes bibliographical references. 0aDwellingszGhana.20230120131031.0 cNUST